Catálogo público

La aventura del poseidón / (Record no. 169775)

MARC details
000 -CABECERA
campo de control de longitud fija 01014nam a2200337Ia 4500
001 - NÚMERO DE CONTROL
campo de control Z_6508
003 - IDENTIFICADOR DEL NÚMERO DE CONTROL
campo de control CHAP
008 - DATOS DE LONGITUD FIJA--INFORMACIÓN GENERAL
campo de control de longitud fija 220113s9999 xx 000 0 und d
010 ## - NÚMERO DE CONTROL DE LA BIBLIOTECA DEL CONGRESO
Número de control de LC 169775
020 ## - NÚMERO INTERNACIONAL ESTÁNDAR DEL LIBRO
Número Internacional Estándar del Libro 968-22-0143 \ 968-22-0152-7 (obra completa)
040 ## - FUENTE DE LA CATALOGACIÓN
Centro/agencia transcriptor CHAP
082 ## - NÚMERO DE LA CLASIFICACIÓN DECIMAL DEWEY
Número de clasificación 813 G35 A94
100 ## - ENTRADA PRINCIPAL--NOMBRE DE PERSONA
Nombre de persona Gallico, Paul
9 (RLIN) 145005
240 ## - TÍTULO UNIFORME
Título uniforme The poseidon adventure
245 ## - MENCIÓN DE TÍTULO
Título La aventura del poseidón /
Mención de responsabilidad, etc. Paul Gallico; traducción Marta Isabel Guastavino
260 ## - PUBLICACIÓN, DISTRIBUCIÓN, ETC.
Lugar de publicación, distribución, etc. México :
Nombre del editor, distribuidor, etc. Artemisa,
Fecha de publicación, distribución, etc.
300 ## - DESCRIPCIÓN FÍSICA
Extensión 361 p.
440 ## - MENCIÓN DE SERIE/PUNTO DE ACCESO ADICIONAL--TÍTULO
Título (Bet sellers gran premier; 3)
9 (RLIN) 145006
500 ## - NOTA GENERAL
Nota general Traducción de la obra en inglés: The poseidon adventure
503 ## - NOTA DE HISTORIA BIBLIOGRÁFICA (BK CF MU) [OBSOLETO]
Nota de historia bibliográfica ej.1: donación 2013
504 ## - NOTA DE BIBLIOGRAFÍA, ETC.
Nota de bibliografía, etc. Incluye índice
650 #0 - PUNTO DE ACCESO ADICIONAL DE MATERIA--TÉRMINO DE MATERIA
Término de materia o nombre geográfico como elemento de entrada Literatura norteamericana
Subdivisión cronológica Siglo XX
9 (RLIN) 144999
650 ## - PUNTO DE ACCESO ADICIONAL DE MATERIA--TÉRMINO DE MATERIA
Término de materia o nombre geográfico como elemento de entrada Novela norteamericana
Subdivisión general
-- Siglo XX
9 (RLIN) 145000
700 ## - PUNTO DE ACCESO ADICIONAL--NOMBRE DE PERSONA
Nombre de persona Guastavino, Marta Isabel, tr.
9 (RLIN) 145007
901 ## - ELEMENTOS DE DATOS A LOCAL LDA (RLIN)
a 813 G35 A94
902 ## - ELEMENTOS DE DATOS B LOCAL, LDB (RLIN)
a A
910 ## - DATOS DE OPCIÓN DEL USUARIO (OCLC)
Datos de opción del usuario
942 ## - ELEMENTOS DE PUNTO DE ACCESO ADICIONAL (KOHA)
Tipo de ítem Koha Libro_
942 ## - ELEMENTOS DE PUNTO DE ACCESO ADICIONAL (KOHA)
Tipo de ítem Koha
Holdings
Estado de retiro Estado de pérdida Estado dañado No para préstamo Localización permanente Ubicación/localización actual Ubicación en estantería Fecha de adquisición Información codificada de la localización en otra ubicación Código de barras Fecha visto por última vez Número de copia Precio válido a partir de Tipo de ítem Koha Nota pública
        Zootecnia Zootecnia   13/11/2014 1 z_6389 18/01/2022 1 18/01/2022 Libro 2